Vosotros, los españoles / (Registro nro. 9512)
[ vista simple ]
| 000 -CABECERA | |
|---|---|
| Campo de control interno | 01681nam a2200241Ia 4500 |
| 008 - ELEMENTOS DE LONGITUD FIJA - INFORMACIÓN GENERAL | |
| Campo de control de longitud fija | 260220t1971||||xx |||||||||||||| ||spa|| |
| 040 ## - FUENTE DE CATALOGACIÓN | |
| Agencia de catalogación original | PY-SlUNAC |
| Idioma de catalogación | spa |
| Convenciones de descripción | rda |
| 041 ## - CÓDIGO DE IDIOMA | |
| Código de idioma para texto/pista de sonido o título separado | spa |
| 082 ## - NÚMERO DE CLASIFICACIÓN DECIMAL DEWEY | |
| Clasificación Decimal Dewey (CDD) | 946 |
| Clasificación Expansiva de Cutter (EC) | B235v |
| 100 ## - ASIENTO PRINCIPAL - NOMBRE PERSONAL | |
| Nombre personal | Barco Teruel, Enrique |
| Rol del autor | Autor |
| 245 #0 - TÍTULO | |
| Título | Vosotros, los españoles / |
| Mención de responsabilidad | por Enrique Barco Teruel [Autor] |
| 264 ## - PIE DE IMPRENTA | |
| Lugar | Barcelona : |
| Editorial | Marte, |
| Año | ℗1971. |
| 300 ## - DESCRIPCIÓN FÍSICA | |
| Páginas | 1 volumen |
| 520 ## - NOTA DE RESUMEN | |
| Nota de resumen | "Vosotros, los españoles" de Enrique Barco Teruel es una obra que busca explorar la identidad y la cultura española a través de un análisis crítico y reflexivo de la sociedad española de su época. El autor aborda temas como la historia, la política, la lengua y las tradiciones, ofreciendo una visión profunda de la diversidad cultural que caracteriza a España. Barco Teruel utiliza un estilo accesible y directo, lo que facilita la comprensión de conceptos complejos relacionados con la identidad nacional. A lo largo del texto, el autor invita a los lectores a cuestionarse sobre su pertenencia y el significado de ser español, promoviendo un diálogo sobre los valores y las realidades sociales del país. La obra se erige como un llamado a la reflexión sobre el pasado y el futuro de España, destacando la importancia de la cohesión social y el respeto por las diferencias culturales. En definitiva, el libro es una contribución significativa al estudio de la identidad española contemporánea. |
| 653 ## - MATERIA - TÉRMINO TEMÁTICO NO CONTROLADO (PALABRAS CLAVE) | |
| Materia - término temático no controlado (palabras clave) | Cultura |
| 653 ## - MATERIA - TÉRMINO TEMÁTICO NO CONTROLADO (PALABRAS CLAVE) | |
| Materia - término temático no controlado (palabras clave) | Historia |
| 653 ## - MATERIA - TÉRMINO TEMÁTICO NO CONTROLADO (PALABRAS CLAVE) | |
| Materia - término temático no controlado (palabras clave) | Identidad nacional |
| 942 ## - ELEMENTOS PERSONALIZADOS (KOHA) | |
| Fecha catalogación | 2026/02/17 |
| Tipo de documento | Libros |
| Fuente de Clasificacion | Colección | Ubicacion permanente | Biblioteca actual | Fecha de Ingreso a la Biblioteca | Origen de adquisición | Código de ubicación | Código de barras | Tipo de Item KOHA | Nota pública |
|---|---|---|---|---|---|---|---|---|---|
| Dewey Decimal Classification | Colección General (CG) | Biblioteca e Internet, Facultad de Ciencias Exactas y Naturales | Biblioteca e Internet, Facultad de Ciencias Exactas y Naturales | 02/20/2026 | Donación | 946 B235v | CG2872 | Libros | Material disponible en la Biblioteca e Intenet, Campus UNA, San Lorenzo. |


